000 00244nam a2200097Ia 4500
001 718451
005 20250826163023.0
008 250824s9999 xx 000 0 und d
245 0 _aÖLÜM PEYGAMBERİ
_cALEIN KENTIGERNA
260 _bPANAMA YAYINLARI
999 _c718451
_d718451